000 00921nas a2200301 4500
001 BR6008811
003 BR-BrBNA
005 20231205082119.0
007 ta
008 230509b bl.|||p| |||| 00| 00por d
040 _aBR-BrBNA
_bpor
_cBiblioteca Nacional de Agricultura
041 _a(Pt)
072 _aF30; S10
100 1 _aFontes, L.G.
100 1 _aAlmeida Filho, J. de
100 1 _aSediyama, C.S.
245 1 _aConteudo de oleo e proteina bruta nos graos de algumas linhagens e variedades de soja (Glycine max (L.)Merril)
650 _aMELHORAMENTO GENETICO VEGETAL
650 _aCOMPOSICAO DE ALIMENTO
650 _aSOJA
650 _aGRAO
650 _aOLEO
650 _aPROTEINA
650 _aCOMPORTAMENTO DE VARIEDADE
773 0 _tRevista Ceres (Brazil)
_xISSN 0034-737X
_g(Nov 1974), v. 21(118) p. 500-505
_wBR6008811
909 _a202311
_bLúcia
_c55
_dLúcia Elande
942 _2AGRIS
_n0
_cANA
999 _c89250
_d89250